Logo BPK

Biblioteka

Politechniki Koszalińskiej

Obwodowe modele układów z polem elektromagnetycznym / (Rekord nr 45662)

Szczegóły MARC
000 -ETYKIETA REKORDU
podpole kontrolne o stałej długości 01041nam a2200265 i 4500
001 - NUMER KONTROLNY REKORDU
pole kontrolne bg
020 ## - MIĘDZYNARODOWY ZNORMALIZOWANY NUMER KSIĄŻKI - ISBN
ISBN 8371432488
040 ## - ŹRÓDŁO KATALOGOWANIA
Instytucja, która utworzyła rekord BPK
041 0# - KOD JĘZYKA
Kod języka tekstu pol
080 ## - UNIWERSALNA KLASYFIKACJA DZIESIĘTNA - UKD
UKD 621.31:537.8:519.61/.64](075.8)
920 ## - Międzynarodowy znormalizowany numer książki – ISBN
ISBN 83-7143-248-8
008 - POLE O STAŁEJ DŁUGOŚCI - DANE KONTROLNE
podpole kontrolne o stałej długości s pl f |000 0 pol
100 1# - NAZWA OSOBOWA
Nazwa osobowa DEMENKO, Andrzej
245 10 - TYTUŁ/ODPOWIEDZIALNOŚĆ
Tytuł Obwodowe modele układów z polem elektromagnetycznym /
Pozostałe elementy strefy tytułu i oznaczenia odpowiedzialności Andrzej Demenko ; Komitet Elektrotechniki Polskiej Akademii Nauk, Polskie Towarzystwo Elektrotechniki Teoretycznej i Stosowanej.
260 ## - STREFA ADRESU WYDAWNICZEGO
Miejsce wydania Poznań :
Nazwa wydawcy/dystrybutora Wydaw. Politechniki Poznańskiej,
Data publikacji, dystrybucji/powstania dokumentu 2004.
300 ## - STREFA OPISU FIZYCZNEGO
Objętość 298 s. :
Inne cechy fizyczne rys. (w tym kolor.), wykr. ;
Rozmiary 24 cm.
504 ## - UWAGA DOTYCZĄCA BIBLIOGRAFII
Informacje o bibliografii Bibliogr. s. 295-298.
650 #9 - HASŁO PRZEDMIOTOWE W FORMIE NAZWY OGÓLNEJ LUB JEDNOSTKOWEJ
Nazwa ogólna lub geograficzna Metoda elementów skończonych
Określnik ogólny stosowanie
-- elektrotechnika
650 #9 - HASŁO PRZEDMIOTOWE W FORMIE NAZWY OGÓLNEJ LUB JEDNOSTKOWEJ
Nazwa ogólna lub geograficzna Pole elektromagnetyczne
Określnik ogólny badanie
-- metody
650 #9 - HASŁO PRZEDMIOTOWE W FORMIE NAZWY OGÓLNEJ LUB JEDNOSTKOWEJ
Nazwa ogólna lub geograficzna Układy elektryczne
655 ## - TERMIN INDEKSOWY - OKREŚLENIE RODZAJU/FORMY DOKUMENTU
Określenie rodzaju/formy dokumentu Podręczniki akademickie
710 0# - HASŁO DODATKOWE - NAZWA CIAŁA ZBIOROWEGO
Nazwa ciała zbiorowego lub jednostki geograficznej Polska Akademia Nauk
Nazwa jednostki podrzędnej Komitet Elektrotechniki
710 0# - HASŁO DODATKOWE - NAZWA CIAŁA ZBIOROWEGO
Nazwa ciała zbiorowego lub jednostki geograficznej Polskie Towarzystwo Elektrotechniki Teoretycznej i Stosowanej
856 ## - LOKALIZACJA I DOSTĘP DO ELEKTRONICZNYCH DOKUMENTÓW ZDALNYCH
Link (URL) http://koha.tu.koszalin.pl/cgi-bin/koha/opac-detail.pl?biblionumber=45662
Tekst linku Katalog online BPK
942 ## - DODATKOWE ELEMENTY (KOHA)
Typ dokumentu Książka
Egzemplarze
Wycofany Status egzemplarza Uszkodzony Dostępność Lokalizacja stała Lokalizacja bieżąca Miejsce przechowywania Sygnatura Kod kreskowy Typ dokumentu
      Dostępny Biblioteka Politechniki Koszalińskiej Biblioteka Politechniki Koszalińskiej Wypożyczalnia BG 74691 02244280 Książka
© 2023 Biblioteka Politechniki Koszalińskiej :: KOHA